Euro?
Rozhovor so zástupkyňou generálneho riaditeľa VÚB banky Elenou Kohútikovou. Téma rozhovoru: problémy s eurom, konkurencia v bankovom sektore, trh nehnuteľností, finančná kríza, úsporné opatrenia, ženy v riadiacich funkciách.
Na minha lista:
| Autor principal: | |
|---|---|
| Outros Autores: | |
| Formato: | Capítulo de Livro |
| Idioma: | eslovaco |
| Assuntos: | |
| Tags: |
Sem tags, seja o primeiro a adicionar uma tag!
|
MARC
| LEADER | 00000naa a2200000 4500 | ||
|---|---|---|---|
| 001 | 0161101 | ||
| 005 | 20231009104847.3 | ||
| 041 | 0 | |a slo | |
| 044 | |a SK | ||
| 245 | 1 | 0 | |a Euro? |c Juraj Porubský, Elena Kohútiková |
| 520 | |a Rozhovor so zástupkyňou generálneho riaditeľa VÚB banky Elenou Kohútikovou. Téma rozhovoru: problémy s eurom, konkurencia v bankovom sektore, trh nehnuteľností, finančná kríza, úsporné opatrenia, ženy v riadiacich funkciách. | ||
| 610 | 2 | 0 | |a peniaze |
| 610 | 2 | 0 | |a mena |
| 610 | 2 | 0 | |a euro |
| 610 | 2 | 0 | |a kríza finančná |
| 610 | 2 | 0 | |a nehnuteľnosti |
| 610 | 2 | 0 | |a manažéri |
| 610 | 2 | 0 | |a ženy |
| 610 | 2 | 0 | |a banky |
| 100 | 1 | |a Porubský, Juraj | |
| 700 | 1 | |a Kohútiková, Elena | |